[Event "Oravska Priehrada op"]
[Site "Oravska Priehrada"]
[Date "2016.08.27"]
[Round "2"]
[White "Galbavy, Dusan"]
[Black "Balvan, Ladislav"]
[Result "1-0"]
[WhiteElo "1821"]
[BlackElo "1173"]
[PlyCount "51"]
[EventDate "2016.08.26"]
[EventType "swiss"]
[EventRounds "7"]
[EventCountry "SVK"]
[SourceTitle "CBM 174 Extra"]
[Source "ChessBase"]
[SourceDate "2016.10.10"]
[SourceVersion "1"]
[SourceVersionDate "2016.10.10"]
[SourceQuality "1"]

1. e4 c5 2. Nc3 d6 3. f4 g6 4. Bc4 Bg7 5. Nf3 e6 6. 0-0 Ne7 7. d3 b6 8. a3 0-0 9. Ba2 Nbc6 10. Ne2 Bb7 11. c3 Kh8 12. Ng3 Qd7 13. Ng5 h6 14. Nh3 f5 15. Be3 Rae8 16. Qd2 Ng8 17. Nf2 Nce7 18. d4 Ba6 19. Rfe1 fxe4 20. dxc5 bxc5 21. Bxc5 Nc8 22. Ngxe4 Nge7 23. Rad1 Qc6 24. Bd4 e5 25. fxe5 Bxe5 26. Qxh6# 1-0